Contabilidad para no contadores

Detalles Bibliográficos
Autor principal: Label, Wayne
Otros Autores: de Len̤ Ledesma, Javier
Formato: Libro
Lenguaje:español
Publicado: Colombia ECOE 2016
Materias:
Acceso en línea:Acceso restringido

MARC

LEADER 00000nam a22000007a 4500
005 20160419120313.0
007 cr|||| ||u|
008 160419s2016 ck ||||| |||| 00||0 spa d
020 |a 978-958-771-301-5 
035 |a 14146 
040 |a vLex  
090 |c 6016  |d 6016 
100 1 |a Label, Wayne  
245 1 0 |a Contabilidad para no contadores  |h [Recurso electrn̤ico] /  |c Wayne Label  
256 |a Servicio en ln̕ea  
260 |a Colombia  |b ECOE  |c 2016 
300 |a 1 recurso electrn̤ico (208 Pg̀inas)  
500 |a Una forma rp̀ida y sencilla de entender la contabilidad. Segunda Edicin̤. 
506 1 |a Contenido solo disponible en los productos indicados  |d vLex Global  |d vLex Global (Academic Edition, excluding Law Schools)  |d vLex Global (U.S. Academic Edition, Law Schools)  |d vLex Global (U.S. Academic Edition, excluding Law Schools)  |d vLex Global (Academic Edition, Law Schools) 
650 0 4 |a Contabilidad  |z Colombia 
700 0 |a de Len̤ Ledesma, Javier  
740 0 |a vLex libros (servicio en ln̕ea)  
856 4 0 |u http://vlex.com/source/contabilidad-no-contadores-14146  |z Acceso restringido  
942 |c BOOK 
999 0 |a Accounting  |b Colombia